000 00414cam a2200181ua 4500
020 _c2.00
041 _ahin
_h
082 _a891.54
_bPRE/CH
100 _aPremchand, .
245 _aChandrahar /
_cPremchand.
_hTextual Documents
250 _a3 /
_b.
260 _aNew Delhi :
_bSaraswathi Press ,
_c1963.
300 _a141 ; .
365 _a2.00
504 _a
942 _cBK
999 _c7997
_d7997